[Event "16th "]
[Site "Senta"]
[Date "2012.07.16"]
[Round "4.22"]
[White "Milivojevic, Jelena"]
[Black "Holobica, Laszlo"]
[Result "1-0"]
[WhiteElo "2011"]
[BlackElo "1678"]
[PlyCount "67"]
[EventDate "2012.07.14"]

1. d4 d5 2. c4 c6 3. Nf3 Nf6 4. Qb3 e6 5. Nc3 Nbd7 6. Bf4 h6 7. h3 Be7 8. e3
O-O 9. Be2 dxc4 10. Bxc4 Nb6 11. Be2 Nbd5 12. Bh2 Qa5 13. O-O Nxc3 14. bxc3 Nd5
15. Rfc1 Nb6 16. a4 c5 17. Ne5 cxd4 18. cxd4 Qb4 19. Qxb4 Bxb4 20. a5 Nd5 21.
Nd3 Be7 22. Nc5 Bxc5 23. dxc5 Bd7 24. Rab1 Bc6 25. Bd6 Rfc8 26. Bb5 Bxb5 27.
Rxb5 b6 28. c6 bxa5 29. Rxa5 Nb6 30. c7 f6 31. Be7 Re8 32. Bd8 Kf7 33. Rca1 Nc8
34. Rb1 1-0

[Event "16th "]
[Site "Senta"]
[Date "2012.07.16"]
[Round "4.23"]
[White "Kalmar, Robert"]
[Black "Abel, Istvan"]
[Result "1-0"]
[WhiteElo "1892"]
[BlackElo "1673"]
[PlyCount "99"]
[EventDate "2012.07.14"]

1. e4 c5 2. Nf3 Nc6 3. d4 cxd4 4. Nxd4 g6 5. Be3 Bg7 6. Nc3 a6 7. f3 e6 8. Qd2
Nge7 9. Be2 O-O 10. g4 Re8 11. h4 d5 12. O-O-O Nxd4 13. Bxd4 e5 14. Bc5 d4 15.
h5 Be6 16. Bxe7 Qxe7 17. Nd5 Bxd5 18. exd5 Qc5 19. hxg6 fxg6 20. Kb1 Re7 21.
Bd3 Qxd5 22. Be4 Qd6 23. g5 Ra7 24. c4 b5 25. Bd5+ Kh8 26. Qh2 Bf8 27. Rxd4
bxc4 28. Bf7 Rxf7 29. Rxd6 Bxd6 30. Qc2 Rfc7 31. Qxg6 Bf8 32. Qf5 Rf7 33. Qxe5+
Bg7 34. Qe4 Bf8 35. f4 Rab7 36. f5 c3 37. b3 Rbc7 38. Kc2 Rfd7 39. Rh2 Re7 40.
Qd4+ Kg8 41. Qd5+ Kh8 42. f6 Red7 43. Qf5 Kg8 44. Qe6+ Rf7 45. Rg2 Bb4 46. g6
hxg6 47. Rxg6+ Kh7 48. Qe4 Kh8 49. Qxb4 Rcd7 50. Rh6+ 1-0

[Event "16th "]
[Site "Senta"]
[Date "2012.07.16"]
[Round "4.24"]
[White "Stojadinov, Svetlana"]
[Black "Szabo, Nikita"]
[Result "1-0"]
[WhiteElo "1859"]
[BlackElo "1618"]
[PlyCount "61"]
[EventDate "2012.07.14"]

1. e4 Nc6 2. d4 e6 3. Nf3 Be7 4. d5 exd5 5. exd5 Na5 6. Bd2 b6 7. b4 Nb7 8. c4
Nf6 9. a3 O-O 10. Bd3 c6 11. Nc3 cxd5 12. cxd5 a5 13. Rb1 Re8 14. O-O Nd6 15.
h3 Ba6 16. b5 Bb7 17. Qb3 h6 18. Rfe1 Rc8 19. Bf4 Nh5 20. Bd2 Nf6 21. Bf4 Nh5
22. Be3 Bf6 23. Na4 Rxe3 24. fxe3 Ng3 25. Rbc1 Rxc1 26. Rxc1 Nde4 27. Qc4 Ng5
28. Qc7 Nxf3+ 29. gxf3 Qxc7 30. Rxc7 Bxd5 31. Rc8+ 1-0

[Event "16th "]
[Site "Senta"]
[Date "2012.07.16"]
[Round "4.29"]
[White "Zivkovic, Momcilo"]
[Black "Milenkovic, Jelena"]
[Result "1-0"]
[WhiteElo "2136"]
[BlackElo "1510"]
[PlyCount "37"]
[EventDate "2012.07.14"]

1. e4 e5 2. d4 exd4 3. c3 dxc3 4. Nxc3 d6 5. Bc4 Nf6 6. Qb3 Qe7 7. Nf3 g6 8.
Ng5 c6 9. Bxf7+ Kd7 10. Bf4 Kc7 11. O-O-O Ne8 12. Qc4 Qd8 13. e5 Na6 14. exd6+
Nxd6 15. Nb5+ Kb8 16. Nxd6 Nc7 17. Ne8 Qe7 18. Bxc7+ Qxc7 19. Nxc7 1-0

[Event "16th "]
[Site "Senta"]
[Date "2012.07.16"]
[Round "4.33"]
[White "Nestorovic, Katarina"]
[Black "Orcik, Istvan"]
[Result "1/2-1/2"]
[WhiteElo "1403"]
[BlackElo "1736"]
[PlyCount "54"]
[EventDate "2012.07.14"]

1. e4 e5 2. Nc3 Nf6 3. Bc4 Bc5 4. Nf3 d6 5. d3 h6 6. h3 O-O 7. O-O c6 8. Bb3
Be6 9. Bxe6 fxe6 10. Na4 Bb6 11. Nxb6 axb6 12. Be3 Nbd7 13. Nh4 Nxe4 14. dxe4
Qxh4 15. Qxd6 Rf7 16. Qd3 Raf8 17. Rad1 Qe7 18. Qd6 Kh7 19. Qxe7 Rxe7 20. Rd6
Nc5 21. Bxc5 bxc5 22. Rfd1 Rff7 23. Kf1 Kg6 24. Ke2 Kf6 25. Kd3 Rd7 26. Rxd7
Rxd7+ 27. Ke2 Rd4 1/2-1/2

[Event "16th "]
[Site "Senta"]
[Date "2012.07.15"]
[Round "3.7"]
[White "Milutinovic, Stefana"]
[Black "Miladinovic, Lena"]
[Result "1-0"]
[WhiteElo "1896"]
[BlackElo "2078"]
[PlyCount "85"]
[EventDate "2012.07.14"]

1. d4 Nf6 2. c4 e6 3. Nf3 Bb4+ 4. Bd2 Qe7 5. c5 Bxd2+ 6. Nbxd2 d6 7. cxd6 cxd6
8. e4 O-O 9. Bd3 e5 10. O-O Bg4 11. d5 Nh5 12. h3 Nf4 13. hxg4 Nxd3 14. Qc2 Nf4
15. g3 Ng6 16. b4 Na6 17. Qb2 Qd7 18. Nh2 h6 19. Rfc1 Rfc8 20. a3 Nf8 21. Rxc8
Rxc8 22. Rc1 Nh7 23. Rxc8+ Qxc8 24. Nb3 Nf6 25. f3 Qc4 26. Na5 Qc7 27. Nf1 Nh7
28. Kg2 Ng5 29. Ne3 Qd7 30. Qc2 h5 31. f4 exf4 32. gxf4 Nh7 33. e5 hxg4 34. Qf5
Qe7 35. Qc8+ Nf8 36. Nf5 Qc7 37. Nxd6 Qxc8 38. Nxc8 g5 39. f5 Nc7 40. d6 Nb5
41. Nxb7 Nd4 42. Ne7+ Kg7 43. Nc5 1-0

[Event "16th "]
[Site "Senta"]
[Date "2012.07.15"]
[Round "3.8"]
[White "Knezevic, Velimir"]
[Black "Kovacs, Arthur"]
[Result "1-0"]
[WhiteElo "1864"]
[BlackElo "2032"]
[PlyCount "67"]
[EventDate "2012.07.14"]

1. e4 c6 2. d4 d5 3. Bd3 dxe4 4. Bxe4 Nf6 5. Bf3 Bf5 6. a3 Nbd7 7. c4 e5 8. Qe2
Bd6 9. g4 Bxb1 10. Rxb1 O-O 11. g5 exd4 12. Qc2 Qe7+ 13. Kf1 Ne8 14. b4 Rd8 15.
Be4 g6 16. Nf3 f5 17. Bd3 Be5 18. Bb2 c5 19. Re1 Ng7 20. Nxe5 Nxe5 21. f4 Qc7
22. Rxe5 Qc6 23. Qg2 Qa4 24. Qc2 Qc6 25. Qg2 Qa4 26. Bc2 Qd7 27. Rd5 Qe6 28.
bxc5 Qe3 29. Qg3 Qe6 30. Bxd4 Nh5 31. Qe3 Qa6 32. Kg2 Rde8 33. Be5 Qc6 34. Rhd1
1-0

[Event "16th "]
[Site "Senta"]
[Date "2012.07.15"]
[Round "3.10"]
[White "Subotic, Nenad"]
[Black "Smirnov, Boris"]
[Result "0-1"]
[WhiteElo "1831"]
[BlackElo "2143"]
[PlyCount "52"]
[EventDate "2012.07.14"]

1. e4 c5 2. Nc3 Nc6 3. g3 g6 4. Bg2 Bg7 5. Nge2 e6 6. b3 Nge7 7. Bb2 d5 8. Qc1
d4 9. Nd1 O-O 10. O-O Nb4 11. d3 f5 12. f4 fxe4 13. Bxe4 Nbd5 14. a4 Nf5 15.
Rf2 Rb8 16. Ba3 b6 17. Rb1 a5 18. Rf3 Bb7 19. Qd2 Nd6 20. Nf2 e5 21. c4 dxc3
22. Nxc3 exf4 23. Qe1 fxg3 24. Rxf8+ Qxf8 25. hxg3 Nxe4 26. Ncxe4 Qf3 0-1

[Event "16th "]
[Site "Senta"]
[Date "2012.07.15"]
[Round "3.11"]
[White "Nestorovic, Irena"]
[Black "Stojadinov, Svetlana"]
[Result "1-0"]
[WhiteElo "2063"]
[BlackElo "1859"]
[PlyCount "57"]
[EventDate "2012.07.14"]

1. d4 d5 2. Nf3 Nf6 3. c4 e6 4. Nc3 Be7 5. cxd5 exd5 6. Qc2 Nc6 7. a3 Bg4 8. e3
Bxf3 9. gxf3 a6 10. Bh3 Qd6 11. Bd2 Nd7 12. f4 Nb6 13. b3 Qh6 14. Bg2 Qe6 15.
O-O h5 16. f5 Qd6 17. f4 Bf6 18. Nd1 Nxd4 19. exd4 Bxd4+ 20. Nf2 Bxa1 21. Rxa1
O-O-O 22. Nd3 f6 23. Nc5 Qe7 24. Re1 Qf7 25. Bb4 Rde8 26. Re6 c6 27. Ba5 Nd7
28. Bxd5 Qf8 29. Nxb7 1-0

[Event "16th "]
[Site "Senta"]
[Date "2012.07.15"]
[Round "3.12"]
[White "Korponai, Akos"]
[Black "Milivojevic, Jelena"]
[Result "1-0"]
[WhiteElo "1709"]
[BlackElo "2011"]
[PlyCount "103"]
[EventDate "2012.07.14"]

1. e4 c5 2. Nf3 e6 3. d4 cxd4 4. Nxd4 a6 5. Bd3 Qc7 6. O-O d6 7. Nc3 Nf6 8. Be3
Be7 9. f4 Nc6 10. Qe2 h5 11. Bf2 Ng4 12. Nxc6 bxc6 13. h3 Nxf2 14. Qxf2 h4 15.
Kh1 Rb8 16. Nd1 Bf6 17. c3 a5 18. Ne3 e5 19. fxe5 dxe5 20. Bc4 O-O 21. b3 Qe7
22. Rad1 Bg5 23. Nf5 Bxf5 24. Qxf5 Rb7 25. Qg6 Bf6 26. Rf5 Rd8 27. Rxd8+ Qxd8
28. Rh5 Qd1+ 29. Kh2 Qd2 30. Qh7+ Kf8 31. Rf5 Qe3 32. Rf3 Qg5 33. Qh8+ Ke7 34.
Qg8 Qg6 35. Qc8 Rd7 36. Qxc6 Rd2 37. Qc5+ Kd8 38. Qxa5+ Ke7 39. Qb4+ Kd8 40.
Qf8+ Kc7 41. Qxf7+ Qxf7 42. Bxf7 Rxa2 43. Kg1 Bg5 44. g3 hxg3 45. Rxg3 Bf6 46.
Kf1 Kb6 47. Re3 Bh4 48. Re2 Ra1+ 49. Kg2 Rc1 50. Re3 Rc2+ 51. Kf3 Bg5 52. Rd3
1-0

[Event "16th "]
[Site "Senta"]
[Date "2012.07.15"]
[Round "3.14"]
[White "Tomin, Kristifor"]
[Black "Sarnyai, Daniel"]
[Result "1/2-1/2"]
[WhiteElo "1965"]
[BlackElo "1793"]
[PlyCount "68"]
[EventDate "2012.07.14"]

1. Nf3 Nf6 2. d4 g6 3. c4 Bg7 4. Nc3 O-O 5. e4 d6 6. Be2 Bg4 7. Be3 Nbd7 8. h3
Bxf3 9. Bxf3 c5 10. d5 a6 11. Be2 Qc7 12. Qd2 Rab8 13. a4 e6 14. O-O exd5 15.
cxd5 Rbe8 16. Rab1 Nxe4 17. Nxe4 Rxe4 18. Bd3 Re7 19. Bg5 f6 20. Be3 Rfe8 21.
Rfc1 Ne5 22. Be2 a5 23. Re1 b6 24. Rbc1 Qd7 25. b3 Rf8 26. f4 Nf7 27. Bd3 Rfe8
28. Bf2 Bh6 29. Rcd1 Rxe1+ 30. Rxe1 Rxe1+ 31. Qxe1 Qe7 32. Bg3 f5 33. Kh2 Kf8
34. Qf2 Bg7 1/2-1/2

[Event "16th "]
[Site "Senta"]
[Date "2012.07.15"]
[Round "3.17"]
[White "Kelemen, David"]
[Black "Bernath, Robert"]
[Result "1-0"]
[WhiteElo "1731"]
[BlackElo "2100"]
[PlyCount "69"]
[EventDate "2012.07.14"]

1. e4 c5 2. Nf3 Nc6 3. d4 cxd4 4. Nxd4 Nf6 5. Nc3 e5 6. Ndb5 d6 7. Bg5 a6 8.
Na3 b5 9. Nd5 Be7 10. Bxf6 Bxf6 11. c3 O-O 12. Nc2 Bg5 13. a4 bxa4 14. Rxa4 a5
15. Bc4 Rb8 16. b3 Kh8 17. O-O g6 18. f3 f5 19. Qd3 Bh6 20. Rd1 fxe4 21. fxe4
Bg4 22. Rf1 Qh4 23. Raa1 Qg5 24. Nde3 Rf4 25. Qxd6 Bf3 26. Qxc6 Rbf8 27. Bd3
Rd8 28. Ne1 Bh5 29. Nd5 Rxf1+ 30. Bxf1 Rf8 31. Nc2 Qd2 32. Qc5 Qg5 33. Qe7 Qd2
34. Qxe5+ Bg7 35. Qe7 1-0

[Event "16th "]
[Site "Senta"]
[Date "2012.07.15"]
[Round "3.19"]
[White "Aleksic, Zvonimir"]
[Black "Olajos, Gyozo"]
[Result "1-0"]
[WhiteElo "1955"]
[BlackElo "1677"]
[PlyCount "107"]
[EventDate "2012.07.14"]

1. e4 c5 2. Nc3 Nf6 3. g3 Nc6 4. Bg2 e6 5. d3 Be7 6. f4 O-O 7. Nf3 d6 8. O-O
Qb6 9. Kh1 Bd7 10. Rb1 Nd4 11. Nd2 Bc6 12. Nc4 Qc7 13. Ne3 b5 14. Bd2 b4 15.
Ne2 a5 16. g4 Qb7 17. Ng3 Kh8 18. g5 Ng8 19. c3 Nb5 20. h4 f5 21. Kh2 g6 22. a3
h6 23. h5 hxg5 24. hxg6 g4 25. axb4 axb4 26. cxb4 Nh6 27. bxc5 dxc5 28. Nc4 Bf6
29. Na5 Rxa5 30. Bxa5 Bd4 31. Qb3 Qe7 32. g7+ Kxg7 33. Nh5+ Kg6 34. Kg3 Kxh5
35. Rh1+ Kg6 36. Rbe1 Nd6 37. e5 Ne4+ 38. dxe4 fxe4 39. Bxe4+ Bxe4 40. Rxe4
Nf5+ 41. Kxg4 Rg8 42. Qh3 Kf7+ 43. Kf3 Rg3+ 44. Qxg3 Nxg3 45. Rh7+ Kf8 46. Rxe7
Nxe4 47. Rxe6 Kf7 48. Rc6 Nf2 49. Bc3 Nd3 50. Bxd4 cxd4 51. Ke4 Nxb2 52. Kxd4
Nd1 53. Rc2 Ke6 54. Rd2 1-0

[Event "16th "]
[Site "Senta"]
[Date "2012.07.15"]
[Round "3.22"]
[White "Kormanyos, Akos"]
[Black "Posa, Janos"]
[Result "1-0"]
[WhiteElo "1680"]
[BlackElo "1904"]
[PlyCount "45"]
[EventDate "2012.07.14"]

1. e4 c6 2. d4 d5 3. e5 Bf5 4. Nc3 e6 5. g4 Bg6 6. Nf3 c5 7. Be3 cxd4 8. Bxd4
Nc6 9. Bb5 a6 10. Ba4 Bb4 11. h4 Be4 12. Bxc6+ bxc6 13. a3 Bxc3+ 14. Bxc3 Ne7
15. Qe2 Bxf3 16. Qxf3 c5 17. O-O-O O-O 18. h5 Qb6 19. h6 Rfb8 20. hxg7 d4 21.
Rxh7 Kxh7 22. Qxf7 Qb7 23. g8=Q+ 1-0

[Event "16th "]
[Site "Senta"]
[Date "2012.07.15"]
[Round "3.23"]
[White "Davidovic, Zoran"]
[Black "Petrovic, Tijana"]
[Result "1-0"]
[WhiteElo "1899"]
[BlackElo "1631"]
[PlyCount "63"]
[EventDate "2012.07.14"]

1. d4 Nf6 2. Nf3 g6 3. Bg5 Bg7 4. e3 d6 5. Nbd2 O-O 6. c3 Nbd7 7. e4 h6 8. Bh4
b6 9. Bd3 Bb7 10. O-O c5 11. Qb3 Rc8 12. Rad1 a6 13. e5 dxe5 14. dxe5 Nh7 15.
Bxg6 Nxe5 16. Bxh7+ Kxh7 17. Nxe5 Bxe5 18. Rfe1 Bd6 19. Nc4 Qc7 20. Nxd6 exd6
21. Re7 Qc6 22. f3 Rc7 23. Rde1 Bc8 24. Rxc7 Qxc7 25. Be7 Be6 26. Qc2+ Kg8 27.
Bxf8 Kxf8 28. Qh7 Qd7 29. Qxh6+ Kg8 30. Qf6 Bxa2 31. Re4 Be6 32. Rh4 1-0

[Event "16th "]
[Site "Senta"]
[Date "2012.07.15"]
[Round "3.26"]
[White "Vilagos, Emil"]
[Black "Dikic, Veljko"]
[Result "0-1"]
[WhiteElo "1595"]
[BlackElo "1873"]
[PlyCount "58"]
[EventDate "2012.07.14"]

1. e4 c5 2. Nc3 Nc6 3. d3 g6 4. g3 Bg7 5. Bg2 Rb8 6. f4 b5 7. a3 d6 8. Nf3 e6
9. O-O Nge7 10. Rb1 O-O 11. Be3 Nd4 12. Ne2 Nec6 13. c3 Nxe2+ 14. Qxe2 a5 15.
d4 cxd4 16. Nxd4 Nxd4 17. Bxd4 Bxd4+ 18. cxd4 b4 19. Kh1 Qb6 20. Qd1 Ba6 21.
Re1 Rfc8 22. axb4 Qxb4 23. d5 Bc4 24. Qd4 Ba2 25. Rbd1 exd5 26. e5 Qxd4 27.
Rxd4 dxe5 28. fxe5 Rxb2 29. Bxd5 Rcc2 0-1

[Event "16th "]
[Site "Senta"]
[Date "2012.07.15"]
[Round "3.29"]
[White "Farkas, Sandor I"]
[Black "Milenkovic, Jelena"]
[Result "1-0"]
[WhiteElo "1823"]
[BlackElo "1510"]
[PlyCount "49"]
[EventDate "2012.07.14"]

1. e4 e5 2. d4 exd4 3. Qxd4 Nc6 4. Qe3 b6 5. Nc3 Bb7 6. Bd2 d6 7. O-O-O Qd7 8.
Bb5 O-O-O 9. Nd5 a6 10. Ba4 Nge7 11. Ne2 g6 12. Bc3 f6 13. Nxf6 Qe6 14. Bb3 d5
15. Nxd5 Nxd5 16. exd5 Qxe3+ 17. fxe3 Nb4 18. Bxh8 Nxd5 19. e4 Bh6+ 20. Kb1
Rxh8 21. Bxd5 Re8 22. Bxb7+ Kxb7 23. Ng3 Re7 24. Rhe1 Bg7 25. e5 1-0

[Event "16th "]
[Site "Senta"]
[Date "2012.07.15"]
[Round "3.30"]
[White "Vrabel, Mate"]
[Black "Ridjicki, Nenad"]
[Result "0-1"]
[WhiteElo "1530"]
[BlackElo "1809"]
[PlyCount "28"]
[EventDate "2012.07.14"]

1. e4 c5 2. Nf3 d6 3. Bc4 Nc6 4. d4 cxd4 5. Nxd4 Nf6 6. Nxc6 bxc6 7. e5 Qa5+ 8.
c3 Qxe5+ 9. Be3 Ng4 10. Qf3 d5 11. Na3 Rb8 12. Rd1 Rxb2 13. Nb1 Nxf2 14. O-O
Bg4 0-1

[Event "16th "]
[Site "Senta"]
[Date "2012.07.15"]
[Round "3.36"]
[White "Holobica, Laszlo"]
[Black "Uveric, Nebojsa"]
[Result "1-0"]
[WhiteElo "1678"]
[BlackElo "1468"]
[PlyCount "89"]
[EventDate "2012.07.14"]

1. e4 e5 2. Nf3 d6 3. Bc4 h6 4. Nc3 Nc6 5. a3 Nf6 6. h3 a6 7. O-O Be7 8. d4
exd4 9. Nxd4 Nxd4 10. Qxd4 O-O 11. Be3 Re8 12. Rad1 c5 13. Qd3 Bf8 14. Bxc5 Be6
15. Bxe6 Rxe6 16. f4 Re8 17. Bd4 Qc7 18. e5 Nd7 19. exd6 Bxd6 20. Bxg7 Kxg7 21.
Qxd6 Qxd6 22. Rxd6 Nf6 23. Rb6 Rab8 24. Rd1 Re7 25. Kf2 Nd7 26. Rbd6 Nf6 27.
Kf3 Rbe8 28. R1d3 Re1 29. Rb6 Rf1+ 30. Kg3 Re7 31. Rxf6 Kxf6 32. Nd5+ Ke6 33.
Nxe7 Kxe7 34. Rf3 Rb1 35. b4 Rb2 36. c4 Kd7 37. Rc3 Kc6 38. h4 Rd2 39. Kh3 Rd4
40. Kg4 Rd6 41. h5 Rd8 42. g3 Rf8 43. Kf5 Rd8 44. Kf6 Rd7 45. Kg7 1-0

[Event "16th "]
[Site "Senta"]
[Date "2012.07.17"]
[Round "5.14"]
[White "Kosa, Jeno"]
[Black "Lorincz, Renata"]
[Result "1-0"]
[WhiteElo "2123"]
[BlackElo "1826"]
[PlyCount "61"]
[EventDate "2012.07.14"]

1. e4 c6 2. Nc3 d5 3. Nf3 Bg4 4. h3 Bh5 5. exd5 cxd5 6. Bb5+ Nc6 7. g4 Bg6 8.
Ne5 Qd6 9. d4 O-O-O 10. Bxc6 bxc6 11. Qe2 Kb7 12. Bf4 Qf6 13. Bg3 Qe6 14. Na4
Qc8 15. Nc5+ Ka8 16. Na6 Rd6 17. O-O-O Nf6 18. f3 e6 19. h4 h5 20. Nxg6 fxg6
21. g5 Ne8 22. Nc5 Nc7 23. Be5 Rg8 24. Qd3 Qe8 25. Rhe1 Be7 26. f4 Rf8 27. Re3
Rf5 28. Rde1 Rxe5 29. Rxe5 Bf8 30. Qe3 Qf7 31. Kb1 1-0

[Event "16th "]
[Site "Senta"]
[Date "2012.07.17"]
[Round "5.16"]
[White "Tomin, Kristifor"]
[Black "Skrbic, Svetozar"]
[Result "1-0"]
[WhiteElo "1965"]
[BlackElo "1771"]
[PlyCount "47"]
[EventDate "2012.07.14"]

1. d4 d5 2. Nf3 Nf6 3. c4 dxc4 4. Nc3 e6 5. e3 Nc6 6. Bxc4 Bb4 7. O-O Bxc3 8.
bxc3 a6 9. Ba3 b5 10. Bd3 Bb7 11. e4 Ne7 12. Re1 O-O 13. Bc2 Re8 14. Qd3 Ng6
15. e5 Nd5 16. Bc1 h6 17. h4 h5 18. Ng5 c5 19. Nxf7 Kxf7 20. Qxg6+ Kf8 21. Bg5
Re7 22. Qxh5 Qd7 23. Bg6 Nf6 24. exf6 1-0

[Event "16th "]
[Site "Senta"]
[Date "2012.07.17"]
[Round "5.17"]
[White "Aleksic, Zvonimir"]
[Black "Solymosi, Andras"]
[Result "1-0"]
[WhiteElo "1955"]
[BlackElo "1777"]
[PlyCount "69"]
[EventDate "2012.07.14"]

1. e4 c5 2. Nc3 Nc6 3. g3 g6 4. Bg2 Bg7 5. d3 d6 6. Be3 Nf6 7. h3 O-O 8. Qd2
Bd7 9. Nge2 Rb8 10. a4 a6 11. f4 b5 12. axb5 axb5 13. g4 b4 14. Nd1 Qb6 15. O-O
Ne8 16. f5 Nd4 17. Bg5 Nxe2+ 18. Qxe2 Bd4+ 19. Kh1 Bf6 20. h4 Bxg5 21. hxg5 f6
22. Qd2 Nc7 23. Ne3 Kg7 24. gxf6+ exf6 25. g5 Ne8 26. Ng4 gxf5 27. gxf6+ Kh8
28. exf5 Nxf6 29. Nh6 Bc6 30. Rf2 Qb7 31. Qf4 Bxg2+ 32. Rxg2 Qd5 33. Ra7 Ng8
34. Nxg8 Rxf5 35. Rxh7+ 1-0

[Event "16th "]
[Site "Senta"]
[Date "2012.07.17"]
[Round "5.21"]
[White "Bernath, Robert"]
[Black "Kormanyos, Akos"]
[Result "1-0"]
[WhiteElo "2100"]
[BlackElo "1680"]
[PlyCount "53"]
[EventDate "2012.07.14"]

1. e4 e5 2. Nf3 Nc6 3. Bc4 Bc5 4. c3 Nf6 5. d4 exd4 6. cxd4 Bb4+ 7. Bd2 O-O 8.
d5 Bxd2+ 9. Nbxd2 Na5 10. Bd3 b6 11. O-O d6 12. h3 Nh5 13. Re1 Nf4 14. Bf1 Qf6
15. b4 Nb7 16. Rc1 Qg6 17. Kh2 a5 18. g3 Bxh3 19. gxf4 Bxf1 20. Nxf1 Qh6+ 21.
Kg2 axb4 22. Rxc7 Nc5 23. Qd2 Rfe8 24. Ng3 Ra3 25. Ng5 f6 26. Nf5 Qg6 27. Rxg7+
1-0

[Event "16th "]
[Site "Senta"]
[Date "2012.07.17"]
[Round "5.34"]
[White "Lorincz, Laszlo"]
[Black "Farkas, Istvan"]
[Result "1/2-1/2"]
[WhiteElo "1794"]
[BlackElo "1585"]
[PlyCount "38"]
[EventDate "2012.07.14"]

1. d4 Nf6 2. c4 g6 3. Nc3 Bg7 4. Bf4 d6 5. e3 O-O 6. Nf3 Nh5 7. Bg3 Nxg3 8.
hxg3 e5 9. d5 c6 10. Be2 Bd7 11. Qb3 Qc7 12. Rd1 Na6 13. Qc2 Rad8 14. O-O Nb4
15. Qd2 a5 16. a3 Na6 17. e4 h6 18. Rc1 Nc5 19. Qc2 Be8 1/2-1/2

[Event "16th "]
[Site "Senta"]
[Date "2012.07.18"]
[Round "6.1"]
[White "Arsic, Djordje"]
[Black "Milutinovic, Stefana"]
[Result "1-0"]
[WhiteElo "1949"]
[BlackElo "1896"]
[PlyCount "27"]
[EventDate "2012.07.14"]

1. e4 c5 2. Nf3 d6 3. d4 cxd4 4. Nxd4 Nf6 5. Nc3 a6 6. Be3 Nc6 7. f3 Qc7 8. Qd2
Nxd4 9. Qxd4 e5 10. Qa4+ Bd7 11. Bb5 Bxb5 12. Nxb5 Qc6 13. Nc7+ Kd8 14. Qxc6
1-0

[Event "16th "]
[Site "Senta"]
[Date "2012.07.18"]
[Round "6.5"]
[White "Miladinovic, Lena"]
[Black "Stankovic, Tomislav"]
[Result "1/2-1/2"]
[WhiteElo "2078"]
[BlackElo "2090"]
[PlyCount "26"]
[EventDate "2012.07.14"]

1. d4 Nf6 2. Nf3 g6 3. c4 Bg7 4. Nc3 O-O 5. e4 d6 6. h3 Nbd7 7. Be3 c6 8. Be2
Qc7 9. O-O e5 10. dxe5 Nxe5 11. Nd4 Re8 12. Qc2 b6 13. Rad1 Bb7 1/2-1/2

[Event "16th "]
[Site "Senta"]
[Date "2012.07.18"]
[Round "6.14"]
[White "Janjic, Stefan"]
[Black "Bernath, Robert"]
[Result "1/2-1/2"]
[WhiteElo "1863"]
[BlackElo "2100"]
[PlyCount "55"]
[EventDate "2012.07.14"]

1. d4 Nf6 2. Nf3 g6 3. Bg5 Bg7 4. Nbd2 d5 5. e3 O-O 6. Bd3 c5 7. c3 Nbd7 8. O-O
b6 9. a4 a6 10. b4 Bb7 11. bxc5 bxc5 12. Qc2 Re8 13. Be2 e5 14. dxe5 Nxe5 15.
Nxe5 Rxe5 16. Bf4 Re8 17. Bf3 Ne4 18. Nxe4 dxe4 19. Be2 Qa5 20. Ra3 Bc6 21. Bc4
Rad8 22. Rb1 Bd5 23. Qb3 Bxc4 24. Qxc4 Rd3 25. h3 Rxc3 26. Rxc3 Qxc3 27. Qxa6
Qd3 28. Qb5 1/2-1/2

[Event "16th "]
[Site "Senta"]
[Date "2012.07.18"]
[Round "6.17"]
[White "Milivojevic, Jelena"]
[Black "Kelemen, David"]
[Result "1-0"]
[WhiteElo "2011"]
[BlackElo "1731"]
[PlyCount "49"]
[EventDate "2012.07.14"]

1. d4 Nf6 2. c4 g6 3. Nc3 Bg7 4. e4 d6 5. f4 c5 6. d5 Nfd7 7. Nf3 O-O 8. Be2
Na6 9. O-O Nc7 10. Re1 f5 11. exf5 Rxf5 12. Bd3 Rf8 13. Ng5 Nf6 14. Qe2 Re8 15.
Ne6 Nxe6 16. dxe6 Rb8 17. f5 gxf5 18. Bxf5 Kh8 19. Bg5 Rg8 20. Rad1 a6 21. a4
Qe8 22. Bb1 b6 23. Rd3 Qf8 24. Rh3 h6 25. Qc2 1-0

[Event "16th "]
[Site "Senta"]
[Date "2012.07.19"]
[Round "7.7"]
[White "Milanovic, Maja"]
[Black "Miladinovic, Lena"]
[Result "1/2-1/2"]
[WhiteElo "1879"]
[BlackElo "2078"]
[PlyCount "52"]
[EventDate "2012.07.14"]

1. e4 c5 2. Nf3 e6 3. d4 cxd4 4. Nxd4 Nc6 5. Nc3 Qc7 6. Be2 Nf6 7. O-O Be7 8.
Be3 O-O 9. f4 d6 10. Qe1 Nxd4 11. Bxd4 e5 12. fxe5 dxe5 13. Qg3 Re8 14. Kh1 Bd8
15. Be3 Kh8 16. Rad1 Be6 17. Bb5 Rf8 18. Bd3 a6 19. Na4 Be7 20. Nb6 Rad8 21. c4
Bg4 22. Rd2 Bb4 23. Rxf6 Bxd2 24. Nd5 Qc8 25. Bxd2 gxf6 26. Qh4 Rg8 1/2-1/2

[Event "16th "]
[Site "Senta"]
[Date "2012.07.19"]
[Round "7.13"]
[White "Bernath, Robert"]
[Black "Lorincz, Renata"]
[Result "1-0"]
[WhiteElo "2100"]
[BlackElo "1826"]
[PlyCount "73"]
[EventDate "2012.07.14"]

1. e4 c6 2. d4 d5 3. e5 Bf5 4. Nc3 e6 5. g4 Bg6 6. Nge2 Bb4 7. h4 h6 8. Be3 Nd7
9. f4 Nb6 10. Ng3 Na4 11. Bd2 Nxb2 12. Qf3 Bxc2 13. Rc1 Bh7 14. f5 Bxc3 15.
Bxc3 Na4 16. Bd2 exf5 17. gxf5 Qd7 18. Bh3 f6 19. e6 Qe7 20. Qh5+ Kd8 21. Qf3
Nb6 22. Qb3 g6 23. O-O gxf5 24. Rce1 Qg7 25. Kh2 Ne7 26. Nxf5 Bxf5 27. Bxf5
Nxf5 28. Rxf5 Nc8 29. Qf3 Rf8 30. Bb4 Ne7 31. Ra1 Qh8 32. Qf4 Nxf5 33. e7+ Nxe7
34. Qd6+ Kc8 35. Qe6+ Kc7 36. Qxe7+ Kc8 37. Bd6 1-0

[Event "16th "]
[Site "Senta"]
[Date "2012.07.19"]
[Round "7.20"]
[White "Braun, Tibor"]
[Black "Zegarac, Vuk"]
[Result "1/2-1/2"]
[WhiteElo "1893"]
[BlackElo "1549"]
[PlyCount "41"]
[EventDate "2012.07.14"]

1. d4 d5 2. c4 c6 3. Nc3 Nf6 4. Bf4 e6 5. e3 Bd6 6. Bxd6 Qxd6 7. c5 Qe7 8. f4
O-O 9. Bd3 b6 10. b4 a5 11. a3 Ba6 12. Nf3 Bxd3 13. bxa5 Rxa5 14. Qxd3 bxc5 15.
dxc5 Qxc5 16. a4 Na6 17. O-O Nb4 18. Qd2 Qe7 19. Nd4 c5 20. Nb3 Ra6 21. Rfb1
1/2-1/2

[Event "16th "]
[Site "Senta"]
[Date "2012.07.19"]
[Round "7.33"]
[White "Barta, Aron"]
[Black "Gakovic, Isidora"]
[Result "1/2-1/2"]
[WhiteElo "1571"]
[BlackElo "1734"]
[PlyCount "31"]
[EventDate "2012.07.14"]

1. e4 e6 2. Nf3 d5 3. exd5 exd5 4. d4 Nf6 5. Bg5 Be7 6. Be2 O-O 7. O-O Nbd7 8.
Nc3 c6 9. Re1 Re8 10. a3 Nf8 11. h3 h6 12. Be3 Bd6 13. Bd3 Qc7 14. Qc1 Bd7 15.
Ne2 Ne6 16. c3 1/2-1/2

[Event "16th "]
[Site "Senta"]
[Date "2012.07.19"]
[Round "7.46"]
[White "Djuketic, Dusan"]
[Black "Nestorovic, Katarina"]
[Result "1/2-1/2"]
[WhiteElo "1397"]
[BlackElo "1403"]
[PlyCount "23"]
[EventDate "2012.07.14"]

1. e4 c5 2. Nf3 e6 3. d4 cxd4 4. Nxd4 d6 5. Nc3 Nf6 6. Be2 Be7 7. O-O O-O 8.
Be3 Bd7 9. f4 Nc6 10. Kh1 Nxd4 11. Bxd4 Bc6 12. Bf3 1/2-1/2

[Event "16th "]
[Site "Senta"]
[Date "2012.07.20"]
[Round "8.8"]
[White "Vasic, Dusan"]
[Black "Kosa, Jeno"]
[Result "0-1"]
[WhiteElo "1862"]
[BlackElo "2123"]
[PlyCount "32"]
[EventDate "2012.07.14"]

1. e4 c5 2. Nf3 g6 3. c3 Bg7 4. d4 cxd4 5. cxd4 d5 6. e5 Nh6 7. Nc3 O-O 8. Bd3
Nc6 9. h3 Nf5 10. Be2 e6 11. g4 Nh4 12. Nxh4 Qxh4 13. Be3 f6 14. Qd2 fxe5 15.
dxe5 d4 16. Bxd4 Rd8 0-1

[Event "16th "]
[Site "Senta"]
[Date "2012.07.20"]
[Round "8.9"]
[White "Bernath, Robert"]
[Black "Kuzmanovic, Ratko"]
[Result "1-0"]
[WhiteElo "2100"]
[BlackElo "1954"]
[PlyCount "73"]
[EventDate "2012.07.14"]

1. e4 d6 2. d4 Nf6 3. Nc3 g6 4. f4 Bg7 5. Nf3 Nbd7 6. e5 Ng4 7. h3 Nh6 8. Be3
Nf5 9. Bf2 e6 10. g4 Ne7 11. Bd3 Nb6 12. Qd2 Ned5 13. Ne2 a5 14. c4 Nb4 15. Bb1
c6 16. a3 Na6 17. Ng3 d5 18. Be3 dxc4 19. Ne4 Nd5 20. Nd6+ Kf8 21. Ng5 Qb6 22.
Nxc4 Qb3 23. Ba2 Qb5 24. O-O h6 25. Nxf7 Nac7 26. Nfd6 Qa6 27. f5 gxf5 28. gxf5
exf5 29. Nxf5 Bxf5 30. Rxf5+ Ke7 31. Raf1 Raf8 32. Rxf8 Rxf8 33. Rxf8 Bxf8 34.
Bxh6 Qa8 35. Qg5+ Ke8 36. Qg6+ Ke7 37. Bg5+ 1-0